000 00264nam a22001337a 4500
020 _a0-7214-1076-2
082 _a823
_bBEA/D
100 _aBAGLIO ,M BEN
245 _aDINOSAURS
260 _aUK
_bLADY BIRD
300 _a51
650 _aENGLISH STORY
942 _cBK
999 _c1915
_d1915